00643nam a2200157 a 450000100100000000500170001000800410002704000250006810000320009324500530012526000460017830000200022458600460024495201780029099900170046800004010820201002033925.0130807s1976 cu 000 0 spa d aDO-SdBNPbspacBNPHU1 aMiranda, Hernández96637113aLa moneda y otros poemas /cHernández Miranda. aLa Habana :bCasa de las Americas,c1976. a51 p. ;c21 cm. aPremio Casa de las Americas 1976 poesía 001050718MOaGRbGRcCTd2013-08-07iLF1l0o p40108-10r2020-06-25w2020-06-25y1zPerteneció a la biblioteca personal de Aída Cartagena PortalatínZNo se presta c39598d39598